The Workmen's compensation act, 1923 (VIII of 1923) / (Record no. 45271)
[ view plain ]
| 000 -LEADER | |
|---|---|
| fixed length control field | 00925cam a22002531 4500 |
| 001 - CONTROL NUMBER | |
| control field | 45271 |
| 003 - CONTROL NUMBER IDENTIFIER | |
| rucl marc code | BD-RjUL |
| 005 - DATE AND TIME OF LATEST TRANSACTION | |
| control field | 20211209054005.0 |
| 008 - FIXED-LENGTH DATA ELEMENTS--GENERAL INFORMATION | |
| fixed length control field | 160724s1961 pk 001 0 eng |
| 035 ## - SYSTEM CONTROL NUMBER | |
| System control number | (BD-RjUL)45389 |
| 040 ## - CATALOGING SOURCE | |
| Original cataloging agency | DLC |
| Transcribing agency | DLC |
| Modifying agency | DLC |
| -- | BD-RjUL |
| Language of cataloging | eng |
| 041 ## - LANGUAGE CODE | |
| Language code of text/sound track or separate title | eng |
| 082 00 - DEWEY DECIMAL CLASSIFICATION NUMBER | |
| Classification number | 344.5491021 |
| Author mark and year | HUW 1961 |
| 100 1# - MAIN ENTRY--PERSONAL NAME | |
| Personal name | Sethi, R. B. |
| 9 (RLIN) | 9621 |
| 245 14 - TITLE STATEMENT | |
| Title | The Workmen's compensation act, 1923 (VIII of 1923) / |
| Remainder of title | With central and states rules, allied laws and useful appendices and commentaries on fatal accidents act / |
| Statement of responsibility, etc. | R. B. Sethi |
| 250 ## - EDITION STATEMENT | |
| Edition statement | 2nd edi. |
| 260 ## - PUBLICATION, DISTRIBUTION, ETC. (IMPRINT) | |
| Place of publication, distribution, etc. | Lahore: |
| Name of publisher, distributor, etc. | Pakistan Law Times Publications, |
| Date of publication, distribution, etc. | 1961 |
| 300 ## - PHYSICAL DESCRIPTION | |
| Pagination | viii, 731 p.; |
| Size | 25 cm. |
| 504 ## - BIBLIOGRAPHY, ETC. NOTE | |
| Bibliography, etc | Includes index |
| 650 #0 - SUBJECT ADDED ENTRY--TOPICAL TERM | |
| Topical term or geographic name as entry element | Workers' compensation |
| General subdivision | Law and legislation |
| Geographic subdivision | Pakistan. |
| 9 (RLIN) | 9622 |
| 710 1# - ADDED ENTRY--CORPORATE NAME | |
| Corporate name or jurisdiction name as entry element | Pakistan. |
| Form subheading | Laws, statutes, etc. |
| Title of a work | The Workmen's compensation act. |
| 9 (RLIN) | 9623 |
| 942 ## - ADDED ENTRY ELEMENTS (KOHA) | |
| Source of classification or shelving scheme | Dewey Decimal Classification |
| Koha item type | Books |
| Lost status | Source of classification or shelving scheme | Damaged status | Not for loan | Collection code | Permanent Location | Current Location | Shelving location | Date acquired | Source of acquisition | Cost, normal purchase price | Total Checkouts | Full call number | Date last seen | Copy number | Koha item type |
|---|---|---|---|---|---|---|---|---|---|---|---|---|---|---|---|
| Dewey Decimal Classification | Non-fiction | Central Library, University of Rajshahi | Central Library, University of Rajshahi | 24/05/1964 | Pak.Law House | 32.50 | 344.5491021 HUW 1961 | 25/07/2016 | C-2 | Books |